Un apóstol social: El Rdo. P. Hilario Fernández, de la Compañía de Jesús
Uloženo v:
| Hlavní autor: | |
|---|---|
| Médium: | Kniha |
| Jazyk: | španělština |
| Vydáno: |
Buenos Aires
Establecimiento tipográfico Kosmos
1915
|
| Vydání: | 1a. ed |
| Témata: | |
| Tagy: |
Přidat tag
Žádné tagy, Buďte první, kdo vytvoří štítek k tomuto záznamu!
|
MARC
| LEADER | 00000nam a2200000 a 4500 | ||
|---|---|---|---|
| 001 | UCJ4233 | ||
| 003 | CL-VaPUC | ||
| 008 | 070124e19150000AG |||||||||||||||||spa|d | ||
| 082 | 0 | 4 | |a 922 |b FER |2 21 |
| 100 | |a Isern, Juan |e author |9 528904 | ||
| 245 | 1 | 3 | |a Un apóstol social: El Rdo. P. Hilario Fernández, de la Compañía de Jesús |
| 250 | |a 1a. ed | ||
| 300 | |a 241, xxxviii p | ||
| 942 | |c BK | ||
| 945 | |d 20070124 00:00:00 |a rinostro | ||
| 260 | |a Buenos Aires |b Establecimiento tipográfico Kosmos |c 1915 | ||
| 500 | |a Fotografías | ||
| 600 | 0 | 7 | |a FERNANDEZ S. J., HILARIO |2 CL-VaPUC |9 507491 |
| 650 | 7 | |a BIOGRAFIA |2 CL-VaPUC |9 504622 | |
| 650 | 0 | |a Jesuitas |9 268366 | |
| 650 | 7 | |a PASTORAL |2 CL-VaPUC |9 397996 | |
| 650 | 0 | |a Beneficencia |9 255180 | |
| 650 | 0 | |a Educación |9 258661 | |
| 650 | 0 | |a Oratoria sagrada |9 315619 | |
| 650 | 0 | |a Iconografía |9 267998 | |
| 651 | 0 | |a Argentina |9 254888 | |
| 651 | 7 | |a CHILE |2 CL-VaPUC |9 507492 | |
| 583 | |a last modification |c 20070124 00:00:00 |k Rodrigo Vera | ||
| 999 | |c 320350 |d 320348 | ||
| 952 | |0 0 |1 0 |4 0 |6 922_000000000000000_FER_1915 |7 0 |8 X |9 398857 |a FDOBUD |b FDOBUD |d 2019-11-22 |i 1015559 |o 922 FER 1915 |p 1015559 |r 2019-11-22 |w 2019-11-22 |y BK_X |k BUD | ||